Architect. yearbook 8 (Record no. 170837)

MARC details
000 -LEADER
fixed length control field 00720nam a22002417a 4500
003 - CONTROL NUMBER IDENTIFIER
control field OSt
005 - DATE AND TIME OF LATEST TRANSACTION
control field 20240715135636.0
008 - FIXED-LENGTH DATA ELEMENTS--GENERAL INFORMATION
fixed length control field 240715b |||||||| |||| 00| 0 eng d
020 ## - INTERNATIONAL STANDARD BOOK NUMBER
International Standard Book Number 906825149X(hardcover)
024 ## - OTHER STANDARD IDENTIFIER
Standard number or code (hardcover)
040 ## - CATALOGING SOURCE
Original cataloging agency NUST
Language of cataloging eng
Transcribing agency NUST
Modifying agency NUST
Description conventions rda
050 ## - LIBRARY OF CONGRESS CALL NUMBER
Classification number NA7195ARC
245 ## - TITLE STATEMENT
Title Architect. yearbook 8
260 ## - PUBLICATION, DISTRIBUTION, ETC.
Place of publication, distribution, etc. London :
Name of publisher, distributor, etc. Elek Books Limited,
Date of publication, distribution, etc. 1957
300 ## - PHYSICAL DESCRIPTION
Extent 255 pages :
Other physical details Illustrations ;
Dimensions 28 cm.
336 ## - CONTENT TYPE
Source rdamedia
Content type term text
Content type code txt
337 ## - MEDIA TYPE
Source rdamedia
Media type term unmediated
Media type code n
338 ## - CARRIER TYPE
Source rdamedia
Carrier type term volume
Carrier type code nc
504 ## - BIBLIOGRAPHY, ETC. NOTE
Bibliography, etc. note Includes bibliographical references.
650 ## - SUBJECT ADDED ENTRY--TOPICAL TERM
Form subdivision Architecture - Planning and Design
700 ## - ADDED ENTRY--PERSONAL NAME
Personal name Arup, Ove. N
Relator term Editor
942 ## - ADDED ENTRY ELEMENTS (KOHA)
Source of classification or shelving scheme
Koha item type Ordinary Loan Books
Suppress in OPAC No

No items available.